Majster Pavol z Levoče má nasledovníka v Oľšavici

Bibliographic Details
Main Authors: (top) (ut, Interviewer), Demo, Michal (Author)
Format: Article
Language:Slovak
PhysicalDescription:Fotogr.
Subjects:

MARC

LEADER 00000cab a2200000 a 4500
001 vtls000933976
003 SK-MaSNL
005 20260305040839.0
008 041208c20040210xo mr|p|||||||000 b|slo
015 |a PPPK2004  |2 pppkcl 
038 |a PPPK 
040 |a PPPKCL  |b slo  |c PPPKCL  |e AACR2 
041 0 |a slo 
044 |a xo  |c SK 
080 |a 745.51  |2 UDC-MRF-SK2 
100 0 |a (top)  |4 ivr  |4 ut  |9 887920 
245 1 0 |a Majster Pavol z Levoče má nasledovníka v Oľšavici  |c [zhováral sa] (top) 
300 |b Fotogr. 
600 1 7 |a Demo, Michal  |2 pppkcl  |9 1017634 
650 0 7 |a ľudové rezbárstvo  |2 pppkcl  |9 31788 
651 7 |a Oľšavica (Slovensko)  |2 pppkcl  |9 31789 
651 7 |a Levoča (Slovensko : okres)  |2 pppkcl  |9 30131 
700 1 |a Demo, Michal  |4 ive  |4 aut  |9 1017634 
773 0 |t Korzár : Tatranský denník  |g Roč. 6, č. 33 (10.2.2004) 
773 0 8 |i Príl.:  |t Spiš  |g S. 2 
852 |a PPPKCL  |b KIS3GCP 
999 |c 3340639  |d 3342569